L'hydraulique simplifiée

Salvato in:
Dettagli Bibliografici
Autore principale: McNickle, L. S. (autor)
Natura: Libro
Lingua:francese
Pubblicazione: París Dunod 1970
Soggetti:
Tags: Aggiungi Tag
Nessun Tag, puoi essere il primo ad aggiungerne!!

MARC

LEADER 00000nam a2200000 a 4500
001 UCP2930
003 CL-VaPUC
008 990604e19700000FR |||||||||||||||||fre|d
082 0 4 |a 620.106  |b MCN  |2 21 
100 |a McNickle, L. S.  |e autor  |9 450715 
245 1 2 |a L'hydraulique simplifiée 
300 |a 215 p 
942 |c BK 
945 |d 19990604 00:00:00  |a cmena 
260 |a París  |b Dunod  |c 1970 
650 0 |a Hidráulica   |9 260193 
650 7 |a MECANICA INDUSTRIAL  |2 CL-VaPUC  |9 429940 
650 0 |a Ingeniería mecánica   |9 262089 
650 0 |a Mecánica de fluidos   |9 259464 
650 0 |a Hidrodinámica   |9 261326 
583 |a last modification  |c 19990604 00:00:00  |k Rodrigo Vera 
999 |c 281394  |d 281392